00529nam a2200181Ia 4500003000400000005001700004008004100021020003000062040001700092082002200109100002200131245006100153250003000214260003900244300001500283650002600298700002300324IIN20240102170356.0231217s9999 xx 000 0 und d cRs.1499.00a9789390612239 aIINbEnglish a618.1 bBER1 aBerek, Jonathan S1 aBerek & Novak's Gynecology EssentialscJonathan S. Berek a16th edbDeborah L. Berek bWolters KluweraPhiladelphiac2021 axix, 809p.1 aGynecology v nursing1 aBerek, Deborah L.